| 000 | 00546nam a2200205Ia 4500 | ||
|---|---|---|---|
| 005 | 20260429112218.0 | ||
| 008 | 260429s9999||||xx |||||||||||||| ||und|| | ||
| 020 | _a9789355247407 | ||
| 041 | _aEnglish | ||
| 082 |
_a577.1403 _bRAT |
||
| 100 | _aRathi, Sidhartha | ||
| 245 | 0 |
_aEncycloepaedia of environmental chemistry / _cSidhartha Rathi |
|
| 250 | _a1st ed. | ||
| 260 |
_aJaipur : _bOxford, _c2025. |
||
| 300 | _aviii, 296 p.; hb | ||
| 650 | _a Encyclopaedia | ||
| 650 | _a Environmental chemistry | ||
| 650 | _aEcology | ||
| 942 | _cTB | ||
| 999 |
_c52922 _d52922 |
||